000 00744nam a22001817a 4500
999 _c80904
_d80904
008 201130b ||||| |||| 00| 0 eng d
040 _bger
_cDE-2950
_erda
_aDE-2950
041 _ager
100 _aGutke, Thomas:
245 _aWas vom Sonderweg bleibt.
_bCorona-Notbremse: Der gestoppte Frankfurter Weg hat es bundesweit in die Schlagzeilen geschafft. Bei Stadtpolitikern fielen die Reaktionen unterschiedlich aus /
_cThomas Gutke
653 _aFrankfurt (Oder)
653 _aPandemie / Corona
773 _dFrankfurt (Oder): Märkisches Verlags- und Druckhaus GmbH & Co KG
_g32. Jahrgang (2021) Nr. 78 vom 03/.04.04.2021, S. 19
_tMärkische Oderzeitung
942 _cA